| 000 | 00945cam a2200253 4500 | ||
|---|---|---|---|
| 001 | WS116456 | ||
| 008 | 020125n 000 0 eng u | ||
| 035 | _a(Sirsi) u116456 | ||
| 245 | _aWater Page | ||
| 520 | _aWeb site for this independent initiative dedicated to sustainable water resources management with an emphasis on the development, utilisation and protection of water in Africa and other developing regions. Includes news, features, pages on water policy development, international water law and water related disasters. | ||
| 650 |
_aSustainability _96271 |
||
| 650 | _aSANITATION | ||
| 650 | _aAFRICA | ||
| 650 | _aINTERNATIONAL | ||
| 650 | _aWATER LAW | ||
| 650 | _aDROUGHT | ||
| 650 |
_aEnvironment _96238 |
||
| 650 | _aFLOODS | ||
| 650 | _aEL NINO | ||
| 650 | _aCLIMATE CHANGE | ||
| 690 | _aWATER | ||
| 856 | 4 | 0 |
_uhttps://www.thewaterpage.com _zView the website free of charge at www.thewaterpage.com... |
| 942 | _n0 | ||
| 999 |
_c119989 _d119989 |
||